000 00267nam a22001337a 4500
008 170714b xxu||||| |||| 00| 0 eng d
020 _a91410
041 _aeng
080 _a038
100 _a24
101 _aFJA
245 _aSUENOS
_cCLARKE, M
942 _2udc
_cBK
999 _c20851
_d20851